[Event "World ol U16"]
[Site "Eindhoven"]
[Date "2023.08.17"]
[Round "7.12"]
[White "Zito, Enrica"]
[Black "Tejaswini, G."]
[Result "1/2-1/2"]
[WhiteElo "1780"]
[BlackElo "1905"]
[PlyCount "128"]
[EventDate "2023.08.13"]
[EventType "team-swiss"]
[EventRounds "9"]
[EventCountry "NED"]
[SourceTitle "CBM 215 Extra"]
[Source "ChessBase"]
[SourceDate "2023.09.30"]
[SourceVersion "1"]
[SourceVersionDate "2023.09.30"]
[SourceQuality "1"]
[WhiteTeam "Italy"]
[BlackTeam "India"]
[WhiteTeamCountry "ITA"]
[BlackTeamCountry "IND"]

1. e4 c5 2. Nc3 d6 3. Bb5+ Bd7 4. Bxd7+ Qxd7 5. d4 cxd4 6. Qxd4 Nc6 7. Qd3 g6 8. Nf3 Bg7 9. Bg5 Nf6 10. Rd1 0-0 11. 0-0 Ng4 12. h3 Nge5 13. Nxe5 Nxe5 14. Qe2 Nc6 15. Nd5 Rac8 16. c3 h6 17. Bh4 Qe6 18. Rfe1 g5 19. Bg3 a6 20. f4 gxf4 21. Nxf4 Qxa2 22. Rd5 Ne5 23. Nh5 Ng6 24. Nxg7 Kxg7 25. h4 Qc4 26. Qd1 Rg8 27. h5 Ne5 28. Bxe5+ dxe5 29. Qf3 Qc6 30. Rf1 Qb6+ 31. Rf2 Qe6 32. Qg3+ Kf8 33. Rxe5 Rxg3 34. Rxe6 Rc6 35. Rxc6 bxc6 36. Rf5 Re3 37. Rc5 Rxe4 38. Rxc6 a5 39. Rxh6 Re5 40. Rb6 Rxh5 41. Rb8+ Kg7 42. Kf2 Rc5 43. Ke3 e5 44. Rb6 f6 45. Kd3 Kg6 46. c4 Kf5 47. b3 Rc7 48. g4+ Kg5 49. Rd6 Rb7 50. Kc3 Rc7 51. b4 axb4+ 52. Kxb4 e4 53. Re6 Kxg4 54. Rxe4+ Kf3 55. Re8 f5 56. c5 f4 57. Rf8 Ke3 58. Kb5 f3 59. Kb6 Rh7 60. c6 f2 61. c7 Rxc7 62. Kxc7 Ke2 63. Re8+ Kd2 64. Rf8 Ke2 1/2-1/2

[Event "World ol U16"]
[Site "Eindhoven"]
[Date "2023.08.15"]
[Round "4.18"]
[White "Zito, Enrica"]
[Black "Elharrak, Ahmed"]
[Result "0-1"]
[WhiteElo "1780"]
[BlackElo "1541"]
[PlyCount "100"]
[EventDate "2023.08.13"]
[EventType "team-swiss"]
[EventRounds "9"]
[EventCountry "NED"]
[SourceTitle "CBM 215 Extra"]
[Source "ChessBase"]
[SourceDate "2023.09.30"]
[SourceVersion "1"]
[SourceVersionDate "2023.09.30"]
[SourceQuality "1"]
[WhiteTeam "Italy"]
[BlackTeam "Morocco"]
[WhiteTeamCountry "ITA"]
[BlackTeamCountry "MAR"]

1. e4 c6 2. d4 d5 3. Nc3 dxe4 4. Nxe4 Bf5 5. Ng3 Bg6 6. h4 h6 7. Nf3 Nd7 8. h5 Bh7 9. Bd3 Bxd3 10. Qxd3 e6 11. Bd2 Qc7 12. 0-0-0 Ngf6 13. Ne4 Be7 14. Kb1 b5 15. g3 Nxe4 16. Qxe4 Nf6 17. Qe2 a5 18. Ne5 0-0 19. g4 Nd7 20. f4 Nxe5 21. dxe5 Rfd8 22. g5 Rxd2 23. Rxd2 hxg5 24. Rhd1 Qb6 25. Rd7 Qc5 26. fxg5 Bxg5 27. Qf3 Rf8 28. Qg3 Bh6 29. R7d4 a4 30. a3 Qe7 31. Rg4 Kh8 32. Rd6 c5 33. Qd3 Qb7 34. Qe4 Qxe4 35. Rxe4 Rb8 36. c3 Bg5 37. Rd7 Kg8 38. Rg4 Bh6 39. Kc2 Kf8 40. Ra7 Rd8 41. Rg2 c4 42. Rf2 Rd5 43. Raxf7+ Kg8 44. Rf8+ Kh7 45. Re2 Rd3 46. Re8 Rg3 47. Rxe6 Rg1 48. b4 axb3+ 49. Kb2 Bc1+ 50. Kb1 Bxa3+ 0-1

[Event "ITA-ch U20"]
[Site "Tarvisio"]
[Date "2023.07.08"]
[Round "8"]
[White "Zito, Enrica"]
[Black "Cammalleri, Elena"]
[Result "1-0"]
[WhiteElo "1825"]
[BlackElo "1632"]
[PlyCount "49"]
[EventDate "2023.07.02"]
[EventType "swiss"]
[EventRounds "9"]
[EventCountry "ITA"]
[SourceTitle "EXT 2024"]
[Source "ChessBase"]
[SourceDate "2023.10.10"]
[SourceVersion "1"]
[SourceVersionDate "2023.10.10"]
[SourceQuality "1"]

1. e4 e5 2. Nf3 Nf6 3. Nc3 Bb4 4. Bd3 0-0 5. a3 Bxc3 6. dxc3 Re8 7. Bg5 d5 8. Qe2 Bf5 9. 0-0-0 Nbd7 10. Nh4 dxe4 11. Nxf5 exd3 12. Rxd3 Qc8 13. Rg3 g6 14. Nh6+ Kg7 15. Qc4 Re6 16. h4 Ng8 17. h5 Ndf6 18. hxg6 fxg6 19. Rgh3 Nxh6 20. Rxh6 Qg8 21. Qxc7+ Kf8 22. Bxf6 Rxf6 23. Rxh7 Rf7 24. Rxf7+ Qxf7 25. Rh8+ 1-0

[Event "ITA-ch U20"]
[Site "Tarvisio"]
[Date "2023.07.05"]
[Round "4"]
[White "Zito, Enrica"]
[Black "Sala, Giulia"]
[Result "0-1"]
[WhiteElo "1825"]
[BlackElo "2032"]
[PlyCount "90"]
[EventDate "2023.07.02"]
[EventType "swiss"]
[EventRounds "9"]
[EventCountry "ITA"]
[SourceTitle "EXT 2024"]
[Source "ChessBase"]
[SourceDate "2023.10.10"]
[SourceVersion "1"]
[SourceVersionDate "2023.10.10"]
[SourceQuality "1"]

1. e4 c5 2. c3 Nf6 3. e5 Nd5 4. d4 cxd4 5. cxd4 Nc6 6. Nf3 d6 7. Bc4 Nb6 8. Bb5 dxe5 9. Nxe5 Bd7 10. Nxd7 Qxd7 11. Nc3 e6 12. 0-0 a6 13. Bxc6 Qxc6 14. Be3 Be7 15. Qg4 Bf6 16. Ne4 h5 17. Nxf6+ gxf6 18. Qg7 Ke7 19. d5 Nxd5 20. Rac1 Rag8 21. Qxh8 Rxh8 22. Rxc6 bxc6 23. Rc1 Kd7 24. Rc4 Rb8 25. b3 Rb4 26. Rc2 e5 27. Bc5 Rb5 28. Rc4 f5 29. Kf1 Nf4 30. Be3 Ne6 31. Ra4 f4 32. Bd2 Nc5 33. Ra3 f5 34. b4 Ne4 35. Be1 Rb6 36. f3 Nd6 37. Rb3 Nb5 38. Bf2 Nd4 39. Bxd4 exd4 40. Ke2 Kd6 41. Kd3 Kd5 42. h4 c5 43. Ra3 Rxb4 44. Rxa6 Rb2 45. Ra5 Rxg2 0-1

[Event "ITA-ch U20"]
[Site "Tarvisio"]
[Date "2023.07.03"]
[Round "2"]
[White "Zito, Enrica"]
[Black "Boaron, Arianna"]
[Result "1-0"]
[WhiteElo "1825"]
[BlackElo "1511"]
[PlyCount "47"]
[EventDate "2023.07.02"]
[EventType "swiss"]
[EventRounds "9"]
[EventCountry "ITA"]
[SourceTitle "EXT 2024"]
[Source "ChessBase"]
[SourceDate "2023.10.10"]
[SourceVersion "1"]
[SourceVersionDate "2023.10.10"]
[SourceQuality "1"]

1. e4 c5 2. c3 Nf6 3. e5 Nd5 4. d4 cxd4 5. cxd4 d6 6. Nf3 Nc6 7. Bc4 dxe5 8. Nxe5 e6 9. Nxc6 bxc6 10. 0-0 Be7 11. Nc3 0-0 12. Be3 Nxe3 13. fxe3 c5 14. d5 Bg5 15. Qe2 exd5 16. Bxd5 Rb8 17. e4 Qb6 18. Qf3 Qf6 19. Qg3 Qd4+ 20. Kh1 Rxb2 21. Qxg5 Qxc3 22. Rxf7 Rd2 23. Rf3+ Rxd5 24. Qxd5+ 1-0

[Event "ITA-chT (Women)"]
[Site "Bacoli"]
[Date "2023.04.27"]
[Round "1.1"]
[White "Zito, Enrica"]
[Black "Socko, Monika"]
[Result "0-1"]
[WhiteElo "1815"]
[BlackElo "2432"]
[PlyCount "94"]
[EventDate "2023.04.25"]
[EventType "team-tourn"]
[EventRounds "7"]
[EventCountry "ITA"]
[SourceTitle "CBM 214 Extra"]
[Source "ChessBase"]
[SourceDate "2023.07.31"]
[SourceVersion "1"]
[SourceVersionDate "2023.07.31"]
[SourceQuality "1"]

1. e4 c6 2. d4 d5 3. Nc3 dxe4 4. Nxe4 Nf6 5. Nxf6+ exf6 6. Nf3 Bd6 7. Be2 0-0 8. 0-0 Bg4 9. c3 Nd7 10. Be3 Re8 11. Re1 Nf8 12. h3 Bh5 13. Qb3 Qc7 14. d5 c5 15. Bb5 Rec8 16. Nd2 f5 17. Nc4 Bh2+ 18. Kh1 a6 19. d6 Bxd6 20. Nxd6 Qxd6 21. Bf1 f4 22. g4 fxe3 23. gxh5 exf2 24. Re3 Qf4 25. c4 Re8 26. Rf3 Qe4 27. Kg2 Rad8 28. Rd1 Ne6 29. Bd3 Qxf3+ 30. Kxf3 Nd4+ 31. Kxf2 Nxb3 32. axb3 Kf8 33. Bc2 Rxd1 34. Bxd1 Ke7 35. Bf3 b6 36. Bb7 Kf6 37. h4 Re5 38. Bxa6 Rxh5 39. Kg3 Re5 40. Kf3 Re1 41. Bb5 Ke5 42. Be8 f5 43. h5 Rb1 44. Ba4 Rxb2 45. Kg3 g5 46. h6 Kf6 47. Kf3 Kg6 0-1